Investigación filosófica: manual del profesor para acompañar a El descubrimiento de Harry Stottlemeier. Capítulo XIII

Guardat en:
Dades bibliogràfiques
Autors principals: Sharp, Ann Margaret (Autor), Oscanyan, Frederick S (Autor)
Format: Llibre
Idioma:espanyol
Publicat: Madrid De la Torre 1988
Col·lecció:Proyecto Didáctico Quirón. Programa Filosofía para Niños
Matèries:
Etiquetes: Afegir etiqueta
Sense etiquetes, Sigues el primer a etiquetar aquest registre!

MARC

LEADER 00000nam a2200000 a 4500
001 UCN1830
003 CL-VaPUC
008 010504e19880000SP |||||||||||||||||spa|d
082 0 4 |a 808.0683  |b LIP  |2 21 
700 0 |a Sharp, Ann Margaret  |e author  |9 457265 
700 0 |a Oscanyan, Frederick S  |e author  |9 457266 
245 1 0 |a Investigación filosófica: manual del profesor para acompañar a El descubrimiento de Harry Stottlemeier. Capítulo XIII 
300 |a pág. irreg 
942 |c BK 
945 |d 20010504 00:00:00  |a cmena 
260 |a Madrid  |b De la Torre  |c 1988 
500 |a En forma separada texto: El descubrimiento de Harry 
500 |a Capítulo XIII, ideas principales. 1: Invitados. 2: Las conversaciones de los niños. 3: ¿Tienen comienzo todas las cosas?. 4: Errores con respecto a partes-todo, o cada-todos y todo-partes, o todos-cada. 5: ¿Qué es una posibilidad?. 6: Las cuatro posibilidades. 7: La diferencia entre cierto y posible. 8: La ilustración de Tony para las cuatro posibilidades. 9: ¿Hay una manera correcta de pensar?. 10: ¿Es pensar buscar la respuesta correcta?. 11: El sueño de Tony. 12: Revisión de lógica 
650 0 |a Literatura infantil   |9 307465 
650 7 |a FILOSOFIA PARA NIÑOS  |2 CL-VaPUC  |9 457267 
650 0 |a Métodos de enseñanza  |9 270413 
583 |a last modification  |c 20010504 00:00:00  |k Rodrigo Vera 
490 0 |a Proyecto Didáctico Quirón. Programa Filosofía para Niños 
999 |c 295055  |d 295053 
952 |0 0  |1 0  |4 0  |6 808_068300000000000_LIP_1988  |7 0  |8 P  |9 347944  |a BIBEDU  |b BIBEDU  |c BIBEDU_PB  |d 2019-11-20  |i 3698734  |o 808.0683 LIP 1988  |p 3698734  |r 2024-01-25  |w 2019-11-20  |y BK  |k EPE 
952 |0 0  |1 0  |4 0  |6 808_068300000000000_LIP_1988  |7 0  |8 P  |9 347945  |a BIBEDU  |b BIBEDU  |c BIBEDU_PB  |d 2019-11-20  |i 3723526  |o 808.0683 LIP 1988  |p 3723526  |r 2024-01-25  |w 2019-11-20  |y BK  |k EPE